| 000 | 00833nam a22002297a 4500 | ||
|---|---|---|---|
| 005 | 20150305101658.0 | ||
| 008 | 150305b2014 ck |||||r|||| 00| 0 spa d | ||
| 020 | _a9789588745787 | ||
| 040 |
_aCO-BoIAvH _cCO-BoIAvH |
||
| 041 | _aspa | ||
| 044 | _ack | ||
| 082 | 0 | 4 |
_a333.7 _bM72a |
| 100 | 1 | _aMoina Triana, Alfredo Guillermo | |
| 245 | 1 | 0 |
_aLas autoridades del sistema nacional ambiental: u _bn análisis desde la política pública/ _cAlfredo Guillermo Molina Triana |
| 260 |
_aBogotá: _bUniversidad Sergio Arboleda, _c2014. |
||
| 300 |
_a154 p. _c21 cm. |
||
| 504 | _aIncluye referencias bibliográficas (pag. 107-119) | ||
| 650 | 4 |
_aPolítica ambiental _zColombia |
|
| 650 |
_aMedio Ambiente _zColombia |
||
| 650 |
_aSistma Nacional Ambiental Sina _xorganización _zColombia |
||
| 942 |
_2ddc _cLIBRO |
||
| 999 |
_c9079 _d9079 |
||